Score 0/55 Timer 08:00
2 Plays Today
% Correct
Tom Hanks
94.9%
Kevin Spacey
94.2%
Al Pacino
91.3%
Francis Ford Coppola
90.4%
Colin Firth
89.6%
1994
89.1%
Michael Corleone
88.8%
1974
87.6%
1999
87.4%
Robert De Niro
86%
Dev Patel
84.8%
Michael Keaton
84.6%
Annette Bening
83.2%
Chiwetel Ejiofor
82.8%
2014
80.8%
Audrey Hepburn
80%
2013
79.7%
Robin Wright
79.6%
1971
79.2%
Gene Hackman
78.2%
2008
78%
1964
77.4%
Geoffrey Rush
77.2%
1950
76.4%
1934
75.8%
Bette Davis
75.3%
2010
75.1%
Jenny Curran
73%
% Correct
Eliza Doolittle
72.6%
Clark Gable
72.1%
Robert Zemeckis
71.4%
Jamal Malik
67.9%
Lester Burnham
67.4%
Edward Norton
65.9%
Alejandro González Iñárritu
63.7%
Solomon Northup
62.7%
Michael Fassbender
62.6%
Danny Boyle
62.2%
Rex Harrison
61.6%
Sam Mendes
59.5%
Frank Capra
58.3%
Claudette Colbert
57.4%
Freida Pinto
53.8%
Jimmy Doyle
51%
Anne Baxter
49.3%
Roy Scheider
49.1%
Steve McQueen
46.3%
Lionel Logue
42.7%
Tom Hooper
40.7%
William Friedkin
38%
Margo Channing
37.9%
Joseph L. Mankiewicz
35.4%
Riggan Thomson
31.7%
George Cukor
29.4%
Ellie Andrews
24.7%
Remove Ads.
Support Sporcle.
Get the best of Sporcle when you Go Orange. This ad-free experience offers more features, more stats, and more fun while also helping to support Sporcle. Thank you for becoming a member.

You're not logged in!

Compare scores with friends on all Sporcle quizzes.
OR
Log In

Show Comments

Extras

Top Quizzes Today


Score Distribution

Your Account Isn't Verified!

In order to create a playlist on Sporcle, you need to verify the email address you used during registration. Go to your Sporcle Settings to finish the process.

Report this User

Report this user for behavior that violates our Community Guidelines.

Details: